| 000 | 00906nam a2200265 a 4500 | ||
|---|---|---|---|
| 001 | 000018402 | ||
| 005 | 20200929165507.0 | ||
| 008 | 100504s1940 sp 000 f spa d | ||
| 040 |
_aDO-SdBNP _bspa _cBNPHU |
||
| 082 |
_a863.3 _bE77v |
||
| 100 | 1 |
_aEspinel, Vicente, _d1550 -1624 _939844 |
|
| 245 | 1 | 0 |
_aVida de Marcos de Obregón / _cEspinel ; edición y notas de Samuel Gili Gaya. |
| 260 |
_aMadrid : _bEspasa-Calpe, _c1940. |
||
| 300 |
_av. ; _c18 cm. |
||
| 490 | 1 |
_aClásicos castellanos _v43 |
|
| 504 | _aIncluye referencias bibliográficas y notas al pie de las páginas. | ||
| 500 | _aLa biblioteca posee el tomo I. | ||
| 600 | 1 | 4 |
_aOBREGÓN, MARCOS DE _xBIOGRAFÍA _939845 |
| 650 | 4 |
_aNovela española _91123 |
|
| 650 | 4 |
_aLiteratura española _ySIGLO XVII _915578 |
|
| 700 | 1 |
_aGili Gaya, Samuel, _eed. _95056 |
|
| 830 | 0 |
_aClásicos castellanos ; _v43 _94180 |
|
| 910 | _aWM | ||
| 049 | _aBNGR | ||
| 999 |
_c17923 _d17923 |
||